000
00308nam a2200121Ia 4500
008
220204s9999 xx 000 0 und d
082
_a
677:531.6
_b
VIG
245
0
_a
Energy conservation in textile and polymer processing
260
_a
USA
_b
ACS
_c
1979
700
_a
Nowacki, L J
700
_a
T C
942
_c
BK
999
_c
38056
_d
38056